Common interest, common good : creating value through business and social sector partnerships /

Bibliographic Details
Main Author: Sagawa, Shirley, 1961-
Other Authors: Segal, Eli, 1943-
Format: Book
Language:English
Published: Boston, Mass. : Harvard Business School Press, [2000]
Subjects:

MARC

Tag First Indicator Second Indicator Subfields
LEADER 00000pam a22000004a 4500
001 in00001521292
005 20151021171735.0
008 990408s1999 mau b 001 0 eng
010 |a  99029533  
015 |a GB99-W3573 
020 |a 0875848486 
035 |a (OCoLC)41211586 
040 |a DLC  |c DLC  |d UKM  |d C#P  |d TXA  |d UtOrBLW 
042 |a pcc 
043 |a n-us--- 
049 |a TXAM 
050 0 0 |a HD60.5.U5  |b S24 2000 
082 0 0 |a 658.4/08  |2 21 
100 1 |a Sagawa, Shirley,  |d 1961- 
245 1 0 |a Common interest, common good :  |b creating value through business and social sector partnerships /  |c Shirley Sagawa, Eli Segal. 
264 1 |a Boston, Mass. :  |b Harvard Business School Press,  |c [2000] 
264 4 |c ©2000 
300 |a xxv, 278 pages ;  |c 24 cm. 
336 |a text  |b txt  |2 rdacontent 
337 |a unmediated  |b n  |2 rdamedia 
338 |a volume  |b nc  |2 rdacarrier 
504 |a Includes bibliographical references and index. 
650 0 |a Social responsibility of business  |z United States. 
650 0 |a Social service  |z United States. 
650 0 |a Charities  |z United States. 
650 4 |a Social responsibility of business. 
700 1 |a Segal, Eli,  |d 1943- 
994 |a E0  |b TXA 
948 |a cataloged  |b h  |c 2000/2/24  |d c  |e Bwalker  |f 9:36:17 am 
999 |a MARS 
999 f f |s 4777b014-a457-32f2-b6f0-143f157e53bc  |i 70158e5e-6741-32d1-a25e-d56d0d010e72  |t 0 
952 f f |p ric  |a Texas A&M University  |b Rellis Campus  |c Joint Library Facility  |d Remote Storage  |t 0  |e HD60.5.U5 S24 2000  |h Library of Congress classification  |i unmediated -- volume  |m A14825801711 
998 f f |a HD60.5.U5 S24 2000  |t 0  |l Remote Storage